000 00446nam a22001697a 4500
003 MACL
005 20160124171100.0
008 160124b xxu||||| |||| 00| 0 eng d
040 _cMACL
041 _aEnglish
082 _a658/CAR
100 _aMalhotra Dr. A.M
_934595
245 _aCareer's Guide C.A.T. Common Admission Test (I.I.M)
260 _aNew Delhi
_bBright Careers
_c2002
650 _aGeneral Management
_97116
942 _2ddc
_cBK
999 _c52841
_d52841